Landsfeldov keramický slovník, alebo, Národopisné zápisky z hrnčiarskych, džbankárskych a kachliarskych dielní na Slovensku, Morave a v Čechách /
Uložené v:
| Hlavní autori: | , |
|---|---|
| Médium: | Kniha |
| Jazyk: | Slovak |
| Vydané: |
Modra :
Modranská Beseda : SNM-Múzeum Ľudovíta Štúra,
2011.
|
| Vydanie: | [1. vyd.] |
| Témy: | |
| ISBN: |
9788097097820 (brož.) |
| Fyzický popis: |
132 s. : il. ; 22 cm. |
| Tagy: |
Pridať tag
Žiadne tagy, Buďte prvý kto otaguje tento záznam!
|
Titul je dostupný aj v ... 

MARC
| LEADER | 00000nam a2200000 a 4500 | ||
|---|---|---|---|
| 001 | 000414921 | ||
| 005 | 20130527104234.0 | ||
| 008 | 120516s2011 xo a e d 000 0 slo d | ||
| 020 | |a 9788097097820 (brož.) | ||
| 040 | |a SVKKK |b slo |c SVKKK |e AACR2 | ||
| 041 | 0 | |a slo | |
| 043 | |a e-xr--- |a e-xo--- | ||
| 044 | |a xo |c SK | ||
| 072 | 7 | |a 73 |x Sochárstvo, keramika, porcelán, umelecké spracovanie kovov |2 konspekt | |
| 072 | 7 | |a 39 |x Etnológia. Etnografia. Folklór |2 konspekt | |
| 080 | |a 738.031.4 |2 2001 | ||
| 080 | |a 738 |2 2001 | ||
| 080 | |a 745/749-028.41 |2 2001 | ||
| 080 | |a 7.031.4 |2 2001 | ||
| 080 | |a (437.3) |2 2001 | ||
| 080 | |a (437.6) |2 2001 | ||
| 080 | |a (038.072) |2 2001 | ||
| 100 | 1 | |a Petrakovičová, Agáta, |d 1968- | |
| 245 | 1 | 0 | |a Landsfeldov keramický slovník, alebo, Národopisné zápisky z hrnčiarskych, džbankárskych a kachliarskych dielní na Slovensku, Morave a v Čechách / |c Agáta Petrakovičová. |
| 246 | 3 | 0 | |a Národopisné zápisky z hrnčiarskych, džbankárskych a kachliarskych dielní na Slovensku, Morave a v Čechách |
| 246 | 3 | 8 | |a Landsfeldov keramický slovník |
| 250 | |a [1. vyd.] | ||
| 260 | |a Modra : |b Modranská Beseda : |b SNM-Múzeum Ľudovíta Štúra, |c 2011. | ||
| 300 | |a 132 s. : |b il. ; |c 22 cm. | ||
| 500 | |a Poznámky k slovníku | ||
| 600 | 1 | 7 | |a Landsfeld, Heřman |d 1899-1984 |2 SVKKKMA |
| 650 | 0 | 7 | |a ľudové hrnčiarstvo |e etnografické aspekty |2 SVKKKPH |
| 650 | 0 | 7 | |a keramika |2 SVKKKPH |
| 650 | 0 | 7 | |a ľudová umelecká tvorivosť |2 SVKKKPH |
| 650 | 0 | 7 | |a ľudové umenie |2 SVKKKPH |
| 651 | 7 | |a Slovensko |2 SVKKKPH | |
| 651 | 7 | |a Česko |2 SVKKKPH | |
| 655 | 7 | |a výkladové slovníky |2 SVKKKPH | |
| 700 | 1 | |a Landsfeld, Heřman, |d 1899-1984 |4 aut | |
| 910 | |a svkkk | ||
| 919 | |a 978-80-970978-2-0 | ||
| 998 | |a BK | ||
| 090 | |g SCKHL |k Sklad Hlavná 10 prízemie |a IV.216515 |j 1042767 |i 2720265583 |s Absenčne | ||